Гидромеханический способ разрушения горных пород; Прогрессивные технологии и экономика в машиностроении; Т. 1

Bibliografiset tiedot
Parent link:Прогрессивные технологии и экономика в машиностроении: сборник трудов VII Всероссийской научно-практической конференции для студентов и учащейся молодежи, г. Юрга, 7-9 апреля 2016 г./ Национальный исследовательский Томский политехнический университет (ТПУ), Юргинский технологический институт (ЮТИ) ; под ред. Д. А. Чинахова.— , 2016
Т. 1.— 2016.— [С. 295-297]
Päätekijä: Игишева А. Л.
Yhteisötekijä: Национальный исследовательский Томский политехнический университет (ТПУ) Юргинский технологический институт (филиал) (ЮТИ) Кафедра горно-шахтного оборудования (ГШО)
Muut tekijät: Дронов А. А. Антон Анатольевич (научный руководитель)
Yhteenveto:Заглавие с титульного экрана
Kieli:venäjä
Julkaistu: 2016
Sarja:Новые технологии и разработки в области горного дела и добычи полезных ископаемых
Aiheet:
Linkit:http://earchive.tpu.ru/handle/11683/26421
Aineistotyyppi: MixedMaterials Elektroninen Kirjan osa
KOHA link:https://koha.lib.tpu.ru/cgi-bin/koha/opac-detail.pl?biblionumber=618345

MARC

LEADER 00000naa2a2200000 4500
001 618345
005 20231101133015.0
035 |a (RuTPU)RU\TPU\conf\16727 
035 |a RU\TPU\conf\16726 
090 |a 618345 
100 |a 20160601d2016 k y0rusy50 ca 
101 0 |a rus 
102 |a RU 
105 |a y z 101zy 
135 |a drcn ---uucaa 
181 0 |a i  
182 0 |a b 
200 1 |a Гидромеханический способ разрушения горных пород  |f А. Л. Игишева  |g науч. рук. А. А. Дронов 
203 |a Текст  |c электронный 
225 1 |a Новые технологии и разработки в области горного дела и добычи полезных ископаемых 
230 |a 1 компьютерный файл (pdf; 277 Кb) 
300 |a Заглавие с титульного экрана 
320 |a [Библиогр.: с. 297 (2 назв.)] 
461 1 |0 (RuTPU)RU\TPU\conf\16596  |t Прогрессивные технологии и экономика в машиностроении  |o сборник трудов VII Всероссийской научно-практической конференции для студентов и учащейся молодежи, г. Юрга, 7-9 апреля 2016 г.  |o в 2 т.  |f Национальный исследовательский Томский политехнический университет (ТПУ), Юргинский технологический институт (ЮТИ) ; под ред. Д. А. Чинахова  |d 2016 
463 1 |0 (RuTPU)RU\TPU\conf\16598  |t Т. 1  |v [С. 295-297]  |d 2016 
610 1 |a труды учёных ТПУ 
610 1 |a электронный ресурс 
610 1 |a горные породы 
610 1 |a добыча 
610 1 |a переработка 
610 1 |a полезные ископаемые 
610 1 |a гидромеханический способ 
700 1 |a Игишева  |b А. Л. 
702 1 |a Дронов  |b А. А.  |c специалист в области машиностроения  |c ассистент Юргинского технологического института Томского политехнического университета  |f 1986-  |g Антон Анатольевич  |2 stltpush  |4 727 
712 0 2 |a Национальный исследовательский Томский политехнический университет (ТПУ)  |b Юргинский технологический институт (филиал) (ЮТИ)  |b Кафедра горно-шахтного оборудования (ГШО)  |h 2088  |2 stltpush  |3 (RuTPU)RU\TPU\col\18984 
801 2 |a RU  |b 63413507  |c 20160629  |g RCR 
856 4 |u http://earchive.tpu.ru/handle/11683/26421 
942 |c BK